|
|
|
|
| LEADER |
00000cam a2200000 7i4500 |
| 001 |
0000022629 |
| 005 |
20080819.0 |
| 008 |
080801 |
| 020 |
|
|
|a 9833698891
|
| 090 |
0 |
0 |
|a 910.0919
|b SHE
|
| 100 |
0 |
|
|a Sheikh Mustapha Shukor Al-Masrie, 1975-2007
|
| 245 |
1 |
0 |
|a Menggapai Bintang
|c Sheikh Mustapha Shukor Al-Masrie
|
| 260 |
|
|
|a Kuala Lumpur :
|b MPH Group Publishing Sdn Bhd ,
|c 2008
|
| 650 |
|
0 |
|a Astronauts
|
| 650 |
|
0 |
|a Manned space flight
|
| 650 |
|
0 |
|a Outer space
|x Exploration
|
| 650 |
|
0 |
|a Sheikh Muszaphar Shukor Al-Masrie,1972
|x Travel
|
| 999 |
|
|
|a 0001036456
|b Book
|c Adult Collection
|e Perbadanan Perpustakaan Awam Johor
|
| 999 |
|
|
|a 0001036595
|b Book
|c Adult Collection
|e Perbadanan Perpustakaan Awam Johor
|
| 999 |
|
|
|a 0001036596
|b Book
|c Adult Collection
|e Perbadanan Perpustakaan Awam Johor
|
| 999 |
|
|
|a 0001036597
|b Book
|c Adult Collection
|e Cawangan Urban Transformation Centre
|